| 000 | 01013cam a2200277 a 4500 | ||
|---|---|---|---|
| 999 |
_c128721 _d128721 |
||
| 001 | 4337731 | ||
| 003 | ARRUPE | ||
| 005 | 20181205102943.0 | ||
| 008 | 881018s1988 paua b 000 0 eng | ||
| 010 | _a 88194443 | ||
| 020 | _a0865711321 | ||
| 020 | _a086571133X (pbk.) | ||
| 040 |
_aDLC _cDLC _dDLC |
||
| 050 | 0 | 0 |
_aBL435 _b.T45 1988 |
| 082 | 0 | 0 |
_a179/.1 _220 |
| 100 |
_aSeed, john _943805 |
||
| 245 | 0 | 0 |
_aThinking like a mountain : _btowards a council of all beings / _cJohn Seed ... [et al.] ; illustrations by Dailan Pugh. |
| 260 |
_aPhiladelphia, PA : _bNew Society Publishers, _cc1988. |
||
| 300 |
_a122 p. : _bill. ; _c22 cm. |
||
| 504 | _aBibliography: p. [117]. | ||
| 650 | 0 |
_aNature _xReligious aspects. _91002 |
|
| 650 | 0 |
_aHuman ecology _xReligious aspects. _918757 |
|
| 700 | 1 |
_aSeed, John. _943806 |
|
| 906 |
_a7 _bcbc _corignew _d3 _encip _f19 _gy-gencatlg |
||
| 942 |
_2lcc _cMONOGRAPH |
||